Potenciál americké ekonomiky je přinajmenším tři procenta

Informácia o vývoji globálnej ekonomiky v nasledujúcich rokoch. Pohľad na americkú ekonomiku a jej potenciál. Protichodné názory ekonómov Johna B. Taylora a Františka Táborského ohľadom daňovej reformy USA. Dlhy ako najväčší problém USA, ktoré neustále narastajú. Názor profesora Taylora, podľa ktoré...

Full description

Saved in:
Bibliographic Details
Main Author: Sobková, Martina
Format: Book Chapter
Language:Czech
Subjects:
Tags: Add Tag
No Tags, Be the first to tag this record!

MARC

LEADER 00000naa a2200000 4500
001 0242701
005 20180509124715.1
041 0 |a cze 
044 |a CZ 
245 1 0 |a Potenciál americké ekonomiky je přinajmenším tři procenta  |c Martina Sobková 
520 |a Informácia o vývoji globálnej ekonomiky v nasledujúcich rokoch. Pohľad na americkú ekonomiku a jej potenciál. Protichodné názory ekonómov Johna B. Taylora a Františka Táborského ohľadom daňovej reformy USA. Dlhy ako najväčší problém USA, ktoré neustále narastajú. Názor profesora Taylora, podľa ktorého, najvätší dopad na ekonomiku budú mať technológie, regulácia a sociálne médiá. 
610 2 0 |a USA 
610 2 0 |a reformy daňové 
610 2 0 |a prognózy 
610 2 0 |a technológie nové 
610 2 0 |a dlhy 
610 2 0 |a hospodárstvo národné 
100 1 |a Sobková, Martina